000 00794nam a22002777a 4500
001 BR6001177
003 BR-BrBNA
005 20230928083050.0
007 ta
008 230509b bl.||||| |||| 00| 0 por d
040 _aBR-BrBNA
_bpor
_cBiblioteca Nacional de Agricultura
041 _a(Por)
072 _aL10
_b5212
090 _ 5212 BR6001177
100 1 _aHermsdorff, G.E.
110 1 _aServico de Informacao Agricola, Rio de Janeiro, GB (Brasil)
245 1 _aA raca normanda [Melhoramento genetico animal; Bovino]
260 3 _aRio de Janeiro, GB (Brasil):
_c1941.
300 _a26 p.
500 _aReprint of "bovinos" Tomo 3 v. 2
650 _aMelhoramento genetico animal
650 _aBovino
650 _aRaca
909 _a202309
_bLucia
_c55
_dLucia Elande
942 _cBK
999 _c11380
_d11380